[Event "Vlissingen HZ op 04th"]
[Site "Vlissingen"]
[Date "2000.08.02"]
[Round "6"]
[White "Halkias, Stelios"]
[Black "Golod, Vitali"]
[Result "0-1"]
[WhiteElo "2502"]
[BlackElo "2590"]
[Annotator "Golod,V"]
[PlyCount "84"]
[EventDate "2000.07.29"]
[EventType "swiss"]
[EventRounds "9"]
[EventCountry "NED"]
[SourceTitle "CBM 077 Extra"]
[Source "ChessBase"]
[SourceDate "2000.09.14"]
[SourceVersion "1"]
[SourceVersionDate "2000.09.14"]
[SourceQuality "1"]

1. d4 Nf6 2. Bg5 Ne4 3. Bh4 c6 $5 {[%mdl 4]} ({Other lines are:} 3... d5 $5 {
See comments to Lastin,A-Nureev,G/ Moscow,1999/CBM 70(0-1)(Finkel,A)(23)}) (
3... c5 $5 {See comments to Rustemov,A-Baikov,V/Moscow,1995/EXT 97(1/2-1/2)
(Shipov,S)(63)}) (3... g5) ({and} 3... g6) 4. f3 $140 $6 ({Most probably,
better is:} 4. e3) (4. Nd2 $5) ({or} 4. c3 $5) 4... Qa5+ $1 5. Nd2 ({More
unpleasantly for white after:} 5. c3 Qh5 {[%csl Rh4]}) 5... Qh5 {[%csl Rh4]} ({
Insufficiently for equality:} 5... Nxd2 6. Qxd2 Qxd2+ 7. Kxd2 g6 8. c3 Na6 9.
e4 Nc7 10. Bd3 {+/=/= Popov,V-Kochyev,A/St.Petersburg,1995 (1/2-1/2)(14)}) 6.
Nxe4 {In my opinion it's best move.} ({Loses:} 6. Bxe7 $4 {in view of:} Nxd2 7.
Bxf8 Nxf1 8. Bxg7 Ne3 9. Qd3 Nxg2+ 10. Kf2 Rg8 $19) ({Also badly:} 6. g3 {
because of:} Nd6 $1 {[%csl Rh4][%cal Gg7g5,Gd6f5]}) ({Dubious:} 6. fxe4 Qxh4+
7. g3 Qh6 8. Bg2 d6 9. Ngf3 Nd7 (9... e5 $143 10. c3 (10. dxe5 $5 dxe5 11. Nxe5
Be6 $44) 10... Be7 11. Qb3 $6 (11. dxe5 $142) 11... Nd7 $15 {Gerber,R-Razuvaev,
Y/Geneve,1993/CBM 39 (0-1)19)}) 10. Nc4 $1 (10. O-O $143 Nf6 11. Qc1 g6 12. a4
Bg7 13. Ra3 Ng4 14. Re1 Ne3 $15 {Vasilev,M-Dunnington,A/Cannes,2000(1/2-1/2) 
(54)}) 10... b5 $5 (10... Nf6 11. Qd3 Be6 12. Na5 Ng4 $13 {Budnikov,A-Krips,G/
Khabarovsk,1990(1-0) (54)}) 11. Na5 c5 $13) 6... Qxh4+ 7. g3 Qh5 ({Slightly
worse is:} 7... Qh6 $6 {in view of:} 8. f4 $1 {[%csl Rh6]} (8. Qd2 $6 Qxd2+ 9.
Nxd2 g6 10. e4 Bg7 11. c3 d6 12. Bd3 Nd7 13. Ne2 c5 {=/+/= Bartosik,P-Kruppa,Y/
Warsaw,1992 (1/2-1/2)(41)}) 8... d5 9. Nf2 c5 10. c3 $6 (10. dxc5 $5) 10... Qb6
11. Qb3 cxd4 12. Qxb6 axb6 13. cxd4 Nc6 14. Nf3 Nb4 {=/+/= Obsivac,J-Zagorskis,
D/Sala,1994(1/2-1/2) (58)}) 8. f4 ({After:} 8. Qd2 {good enough:} d5 9. Nc3
$140 e5 {=/=/+}) (8. Bg2 d5 9. Nf2 e6 (9... e5 $5) 10. Qd3 Nd7 11. e4 c5 $11 {
Mkrychian,A-Bandziene,R/URS,1979(1/2-1/2) (30)}) 8... Qb5 $1 {[%csl Rb2] Fifth
move of black's queen in the opening.} ({Senselessly:} 8... Qd5 {even if in
view of:} 9. Nf2 {[%csl Yf2][%cal Yf2h1]}) 9. Bh3 $5 $146 {[%csl Rc8,Gh3][%mdl
512]} ({Black equalizes after:} 9. Rb1 Qa5+ 10. Nc3 d5 11. Bg2 Nd7 12. Nf3 e6
13. O-O Bb4 14. Qd2 O-O $11 {Murdzia,P-Jasnikowski,Z/Lubniewice,1994 (0-1)(37)}
) ({Also possibly:} 9. Qc1 d5 $11) 9... Qxb2 {Of principle decision.} 10. Nf3
e6 11. O-O f5 $5 {[%csl Rh3] Besides this move,can be recommended:} (11... Be7
$5) (11... Qa3 $5) ({and} 11... d5 $5 12. Neg5 $140 $2 (12. Nf2 $5) 12... h6
13. Rb1 Qxa2 14. Nxf7 Kxf7 15. Ne5+ Kg8 16. e4 {[%csl Rg8][%cal Gd1h5]} h5 $1
$17) 12. Nf2 d5 13. g4 Bd6 14. Rb1 $6 {[%mdl 512] Again sacrifice of pawn.} ({
In my opinion better is:} 14. e3 $13) 14... Qxa2 15. e3 O-O 16. Ng5 Qa5 ({
Leads to bad position:} 16... h6 $2 17. Nf3 {/\Nh4(><g6;Pf5)|^}) 17. Kh1 Qc7 {
[%csl Yc7]} 18. Rg1 g6 {Differently after:} (18... Qe7 $2 19. gxf5 exf5 $140
20. Qh5 h6 (20... g6 $2 21. Nxh7 $1 Qxh7 22. Rxg6+ Kh8 23. Rh6 $18) 21. Nf3 {
[%csl Rg6] white has a very strong attack.}) 19. Nd3 (19. Bf1 $5 {[%cal Gh2h4,
Gh4h5] An interesting idea which was mentioned by Psakhis,L after the game.})
19... b5 $1 $15 {[%mdl 256] I make this move for: 1)against advance c2-c4 in
future; 2)with the idea a5 and Ra7(><h7).} 20. Qe1 Qe7 21. Rg2 Nd7 {[%csl Gg5]
[%cal Yd7f6,Yf6e4,Ye4g5]} 22. Qh4 Kh8 23. Ne5 Bxe5 24. fxe5 ({Badly:} 24. dxe5
{because of:} Nc5 $17 {[%csl Yc5,Rg5][%cal Yc5e4,Ye4g5]}) 24... Nb6 ({It
deserves attention:} 24... f4 $5) ({Pretty dubious:} 24... Rg8 {[%cal Gd7f8]
because of:} 25. gxf5 gxf5 (25... exf5 $2 26. e6 $16) 26. Rbg1 $36) 25. gxf5
exf5 26. Qf4 Be6 27. Rbg1 {[%cal Gg5h7]} Rg8 {[%csl Yg6,Yg8][%cal Yg8g6]} 28.
Nf3 Nd7 $1 {[%csl Yd7][%cal Yd7f8,Yf8g6,Yf8h7]} (28... a5 $143 29. Nh4 $13 {
[%cal Gh4g6]}) 29. Nh4 $138 Qf7 30. Qh6 Nf8 $17 31. Rf1 a5 {[%csl Ga5][%cal
Ga5a4,Ga4a3,Ga3a2,Ga2a1] At last!} 32. Qf4 a4 $138 33. Rfg1 a3 34. Ra1 a2 35.
c3 Ra3 36. Rgxa2 $4 $138 {Gross mistake!} ({It is necessary:} 36. Nf3 Qa7 37.
Qg5 Rg7 $17) 36... Rxa2 37. Rxa2 g5 $19 {[%csl Rf4,Rh4]} 38. Qf2 gxh4 {Further
resistance is useless.} 39. Qxh4 Ng6 40. Qh5 Qg7 {[%csl Rh1][%cal Gg6e5]} 41.
Rg2 Qf7 {Please pay your attention to the fantastic work of the my queen.} 42.
Rf2 (42. Qg5 $142) 42... Nxe5 {[%csl Ye5][%cal Ye5f7]} 0-1

[Event "Nuremberg LGA Cup 3rd"]
[Site "Nuremberg"]
[Date "2006.09.09"]
[Round "4"]
[White "Kunin, Vitaly L"]
[Black "Ftacnik, Lubomir"]
[Result "1/2-1/2"]
[WhiteElo "2494"]
[BlackElo "2579"]
[Annotator "Gutman,L"]
[PlyCount "94"]
[EventDate "2006.09.07"]
[EventType "swiss"]
[EventRounds "7"]
[EventCountry "GER"]
[SourceTitle "CBM 114 Extra"]
[Source "ChessBase"]
[SourceDate "2006.11.03"]
[SourceVersion "1"]
[SourceVersionDate "2006.11.03"]
[SourceQuality "1"]

1. d4 Nf6 2. Bg5 Ne4 3. Bf4 c5 4. f3 Qa5+ 5. c3 Nf6 6. Nd2 cxd4 7. Nb3 Qd8 8.
cxd4 d5 9. e3 e6 10. Bd3 Nc6 11. Ne2 Nh5 12. Bg3 Nxg3 13. hxg3 {Die weiße
Stellung bietet mehr Optionen, doch hat der Nachziehende eine stabile
Bauernstriktur und das Läuferpaar, was das Schlimmste verhindern sollte.} {
13...} Qb6 $6 {Der Textzug sieht etwas provozierend aus.} (13... g6 $6 14. Rc1
a6 {Gouret-Bricard, Clermont-Ferrand 2003,} 15. Nc5 $14 {ist vorteilhaft für
Weiß, doch kommt}) (13... h5 $5 14. Rc1 h4 $11 {in Betracht.}) 14. Kf2 Bd7 15.
Nc3 g6 16. Na4 Qb4 $6 (16... Qc7 17. Nac5 h5 18. Rc1 Bd6 19. f4 $14 {mit etwas
Plus für Weiß.}) 17. Nac5 Qb6 ({Auch nach} 17... O-O-O 18. Rc1 h5 19. Qe2 Qb6
20. Rc3 (20. Nxd7 Rxd7 21. Bb5 Rc7 22. Bxc6 Rxc6 23. Rxc6+ bxc6 24. Qc2 Bd6 25.
f4 Kb8 $11) 20... Kb8 21. Rhc1 Be8 22. a4 a5 23. Bb5 Rc8 24. Qd2 $14 {hat
Schwarz einige Schwierigkeiten zu überwinden.}) 18. Rc1 (18. Nxd7 Kxd7 19. a4
$14 {war zu überlegen.}) 18... Rc8 19. g4 Nb4 20. Bb1 (20. Be2 $5 {ist zu
beachten, um 20...} Bc6 {mit} 21. a3 Na6 22. Bxa6 bxa6 23. a4 h6 24. Qd3 $16 {
zu bestrafen.}) 20... Be7 ({Falls} 20... Bc6 {, so} 21. g5 $14) 21. f4 Na6 (
21... Bb5 22. g5 Bc4 23. Nd2 $16) 22. g5 $5 (22. Nxd7 Kxd7 23. g5 Rxc1 24. Qxc1
Nc7 25. Nd2 Bd6 26. Nf3 $14 {ist auch nicht übel.}) 22... Bf8 23. Qd2 (23. Nxd7
Kxd7 24. e4 Rxc1 25. Qxc1 Nc7 26. exd5 Nxd5 27. Be4 Bd6 28. g3 $16 {mit klarem
Plus für Weiß.}) 23... Bg7 24. Rh2 (24. Nxd7 Kxd7 25. e4 Rxc1 26. Rxc1 h6 27.
exd5 exd5 28. Nc5+ Nxc5 29. Rxc5 Qd6 $11 {macht das schwarze Leben leichter.})
24... Bb5 25. Rch1 Nxc5 26. dxc5 ({Nichts spricht gegen} 26. Nxc5 $5 $16) 26...
Qa6 27. Rxh7 (27. Nd4 $5 {war vielleicht einfacher, 27...} Rxc5 28. Rxh7 Rxh7
29. Rxh7 Kf8 30. Rxg7 Kxg7 31. Nxe6+ Qxe6 32. Qd4+ Kg8 33. Qxc5 $16 {mit
weißem Mehrbauern.}) 27... Rxh7 28. Rxh7 Kf8 29. g4 $1 ({Dies ist stärker als} 
29. e4 Bc4 30. Rh3 Qc6 31. e5 Bxb3 32. Rxb3 Kg8 33. g4 Bf8 $11) 29... Bc4 30.
f5 exf5 31. gxf5 Kg8 32. Rh4 gxf5 33. Bxf5 Rc7 34. e4 ({Leicht gewann} 34. Na5
{mit der Idee 34...} Bf1 35. Rh1 Bc4 36. b3 $18) 34... Qxa2 35. exd5 Qxb3 36.
d6 Be5 37. Rh3 Qb5 38. dxc7 $2 (38. b4 $18 {mit Gewinnstellung.}) 38... Qxc5+
39. Qe3 Qxc7 40. Qxa7 $2 (40. b3 Bd5 41. Be4 $16 {mit weißem Vorteil.}) 40...
Qd8 41. Bd7 Be6 42. Re3 Bxb2 43. Bxe6 Bd4 44. Bxf7+ Kxf7 45. Qxb7+ Kg6 46. Qe4+
Kxg5 47. Kg2 Bxe3 1/2-1/2

[Event "Hotel Agro GM"]
[Site "Budapest"]
[Date "1999.08.02"]
[Round "4"]
[White "Bellini, Fabio"]
[Black "Gross, David"]
[Result "1/2-1/2"]
[WhiteElo "2418"]
[BlackElo "2465"]
[Annotator "Hansen,Cu"]
[PlyCount "117"]
[EventDate "1999.08.05"]
[EventType "tourn"]
[EventRounds "9"]
[EventCountry "HUN"]
[EventCategory "10"]
[SourceTitle "CBM 073"]
[Source "ChessBase"]
[SourceDate "1999.12.01"]
[SourceVersion "1"]
[SourceVersionDate "1999.12.01"]
[SourceQuality "1"]

1. d4 {Hecht} Nf6 2. Bg5 Ne4 3. Bf4 c5 4. f3 Nf6 5. dxc5 Qa5+ 6. Nc3 Qxc5 7. e4
d6 8. Qd2 a6 9. O-O-O e5 10. Be3 Qa5 11. Bc4 Nbd7 12. g4 h6 13. Nge2 Nb6 14.
Bxb6 Qxb6 15. h4 Be6 16. Bb3 O-O-O 17. Ng3 Kb8 18. Kb1 Qc5 19. Nf5 g6 20. Ne3
Be7 21. Ned5 Nxd5 22. Nxd5 Bxd5 23. Bxd5 {[%cal Rd5f7] This looks like a
typical middlegame example where whites clearly superior bishop gives him a
big advantage. However he did not win the game. Should the evaluation of the
position be reexamined or did he not use his chances in the best possible way?
I will try to answer this question.} Rdf8 {[%csl Rb7]} 24. Qd3 $2 {Basically
with this Q-manouvre white wants to put pressure on b7, which I think is the
right plan. However doing so with Q and B gives black the chance to exchange
Qs which is a great help for black since whites attack loses its force. The
right way to pressurise b7 would definitely be by playing Rd1-d3-b3. However
blacks next move showes that white does not have that much time to carry out
this plan. Black has counterchances on the K-side.} (24. Qe2 $1 {This would be
logical since white keeps an eye on a6 (white square) .} h5 25. g5 $5 {
Normally white would not want to play this since f7-f6 would improve the
possibilities of Be7 and make h4 a serious weakness. However white keeps the
position closed on the K-side and gains time to build up pressure on the
Q-side. Furthermore white avoids playing c2-c4 as after 24.Qe1} (25. Rd3 $2
hxg4 26. fxg4 Rxh4 27. Rxh4 (27. Rhd1 Rfh8 28. Rb3 b5 $132 {[%cal Yh4h2,Yh2h1]}
) 27... Bxh4 28. a4 {[%cal Yd3b3] white is a P down but that is not so
important. The question is whether he can organize serious pressure against b7
with the pieces he has left.} Qf2 $1 {Forces the exchange of queens, with
equality} 29. Qxf2 Bxf2 30. Rb3 b6 $11 {From this line, it would seem that
white should either try to hang on to his Ps on the K-side, or at least avoid
giving black chances to exchange Qs}) 25... f6 26. gxf6 Bxf6 (26... Rxf6 27.
Rd3 {[%cal Yd3c3,Yd3b3] black now has to look out for both Rb3 and Rc3} Ka7 $2
28. Rc3 $1 $18) 27. Qg2 {White shows interest in the g6-P since black can
succesfully defend by putting Rh8 and the seventh rank} (27. Rd3 Rh7 $14 28.
Qg2 Rg7) 27... Rh6 28. Rd3 $16 {White could improve his postion by a2-a3, and
maybe Rhd1 followed by Rd3-c3 sometimes sacrificing the h4-P. In my opinion
this would have been whites best way from move 24.}) (24. Qe1 {[%cal Ge1h4]} h5
25. a3 $5 {This looks nicer than a4.} (25. Rd3 $6 hxg4 26. fxg4 Rxh4) (25. a4 {
[%cal Yd1d3,Yd3b3]} Rc8 $1 {[%cal Rc5c2] This is somewhat annoying since white
has problems coordinating the defence of c2 and h4.} 26. Rh2 $2 hxg4 27. fxg4
Rxh4) 25... Rc8 (25... hxg4 26. fxg4 f5 27. gxf5 gxf5 28. exf5 Rxf5 29. Bxb7
$16) 26. c4 $5 $14 {[%cal Yd1d3,Yd3b3,Rd5f7] somewhat reluctantly this move -
weakening d4 - is played, but white is now ready to carry on with his plan
even though it is not nearly as strong with the c-P on c4 since it is now no
longer possible to attack blacks Q by Rd1-d3-c3}) (24. h5 $6 Bg5 25. Qe2 gxh5
26. Rxh5 f6 27. Rd3 Rh7 {This may be good for white but it is my feeling that
blacks B has gotten much more space than neccessary}) 24... h5 25. Qb3 Qb5 26.
Qxb5 axb5 27. Rd3 $1 {b5 is quit weak so this endgame is also somewhat better
for white} hxg4 28. fxg4 Rxh4 29. Rxh4 Bxh4 30. Rh3 (30. Rb3 Kc7 31. Rxb5 b6
32. Rb3 f5 $11) 30... Bd8 $2 (30... g5 31. Rb3 $16) (30... Rh8 $142 31. Bxf7
Rf8 $11) 31. Rh7 $16 Bc7 32. Bxf7 d5 33. exd5 e4 34. Kc1 g5 35. c3 e3 36. Kd1
Bf4 37. a3 Ka7 38. Ke2 Rd8 39. Rh6 Rd7 40. Be6 Rd8 41. Rh7 Kb6 42. Kd3 Ka7 43.
Rh6 Kb8 44. Rh7 Ka7 45. Rh6 Kb8 46. Rg6 Kc7 47. Rg7+ Kb6 48. Rg8 Rxg8 49. Bxg8
{Hecht: '[#] Hier sorgt der weit vorgeprellte schwarze e-Bauer für
Kommunikationsstörungen zwischen weißem König und Läufer. So gelingt es Weiß
nicht, den Läufer nach e2 zu bringen, um dann mit dem König aktiv werden zu
können. Zuvor wäre der Bd5 hin. '} Kc5 (49... e2 {Hecht} 50. Kxe2 Bc1 51. b4
Bxa3 {sieht einfacher aus, weil die weißen Bauern nicht gewinnbringend
eingesetzt werden können.}) 50. Bh7 Kxd5 51. Be4+ Kc5 52. Bxb7 e2 53. Kxe2 Kc4
54. Ba6 Bc1 55. a4 Bxb2 56. Bxb5+ Kxc3 57. a5 Kb4 58. a6 Bd4 59. Bd3 1/2-1/2

[Event "EU-Cup 19th"]
[Site "Rethymno"]
[Date "2003.10.01"]
[Round "4.2"]
[White "Karttunen, Mika"]
[Black "Rasik, Vitezslav"]
[Result "1-0"]
[WhiteElo "2381"]
[BlackElo "2466"]
[Annotator "Hecht,H"]
[PlyCount "207"]
[EventDate "2003.09.28"]
[EventType "team-swiss"]
[EventRounds "7"]
[EventCountry "GRE"]
[SourceTitle "CBM 098"]
[Source "ChessBase"]
[SourceDate "2004.02.03"]
[SourceVersion "1"]
[SourceVersionDate "2004.02.03"]
[SourceQuality "1"]
[WhiteTeam "Jyvaskyla JyS"]
[BlackTeam "Trinec"]
[WhiteTeamCountry "FIN"]
[BlackTeamCountry "CZE"]

1. d4 Nf6 2. Bg5 Ne4 3. Bf4 d5 4. e3 g6 5. Bd3 Bg7 6. Bxe4 dxe4 7. Nd2 c5 8. c3
cxd4 9. exd4 b6 10. Nxe4 Qd5 11. f3 O-O 12. Ne2 Ba6 13. Qd2 Nc6 14. b3 Rfd8 15.
O-O f5 16. Nf2 h6 17. c4 Qf7 18. Bxh6 Nxd4 19. Nxd4 Rxd4 20. Qb2 Bh8 21. Qa3
Bb7 22. Bg5 Be5 23. Rfe1 Bd6 24. Qb2 Qg7 25. Qe2 e5 26. Rad1 Rxd1 27. Rxd1 Bc7
28. Qd2 Bc6 29. b4 a6 30. b5 axb5 31. cxb5 Bb7 32. Qd7 Qxd7 33. Rxd7 Rc8 34.
Kf1 Ba8 35. h4 Bb8 36. a4 Re8 37. Be3 e4 38. f4 Kf8 39. Nh3 Re7 40. Rd8+ Re8
41. Rxe8+ Kxe8 42. Bxb6 Bd5 43. Kf2 Bd6 44. Bd4 Kd7 45. a5 Bc4 46. a6 Bxb5 47.
a7 Bc6 {Teil I: L/S mit einem unangreifbaren Freibauer auf a7 gegen das
Läuferpaar} 48. Kg3 Kc8 49. Be3 Kb7 50. h5 gxh5 51. Kh4 Bb5 52. Nf2 Bb4 53.
Kxh5 Be1 54. Nh3 Bf1 55. Kg6 Bxg2 56. Ng5 Ba5 57. Kxf5 Bc7 58. Kg4 Bf3+ 59. Kf5
Bg2 60. Nf7 Bh3+ 61. Kg5 Be6 62. Nh6 Bd8+ 63. Kg6 Ka8 64. f5 Bxf5+ 65. Kxf5 Kb7
66. Nf7 Bc7 67. Kxe4 {Teil II: Thema = Läufer und falscher Randbauer - also
ein technisches Problem. Die gewünschte Aufstellung lautet: Kb5 und Sd5 -
dazugehörige Taktik: Springergabel bzw. Springerabzug mit Läufergewinn. Das
sich anschließende Elementarendspiel Springer/Läufer gegen König sollte nur
dann Kopfzerbrechen bereiten, wenn weniger als 60-70 Sekunden auf der Uhr
verblieben sind.} Ka8 68. Kd5 Kb7 69. Bd4 Ka8 70. Ng5 Kb7 71. Ne6 Bh2 72. Kc4
Bg3 73. Kb5 Bh2 74. Bb6 Bg3 75. Nc5+ Ka8 76. Ne4 Bh2 77. Nc3 Kb7 78. Bd4 Bg3
79. Na4 (79. Nd5 $142 Bh2 80. Bf2 {siehe Anmerkung zum 80.Zug}) 79... Bh2 80.
Bf2 Bf4 {Erkennt nicht die weiße Idee} (80... Bc7 $8 81. Nc3 Bd8 (81... Bh2 82.
Nd5 Bd6 (82... Be5 83. Nb6 Kxa7 84. Nd7+ $18) 83. Nb6 Kxa7 84. Nc8+ $18) (81...
Be5 82. Nd5 Bh2 83. Ka5 $22) 82. Nd5 Bg5 (82... Ka8 83. Ka6 $18 {Kein Zugzwang,
denn Weiß am Zuge würde mit Lb6 gewinnen.}) 83. Nc7 $18) 81. Nb6 Kxa7 82. Nd5+
Kb7 83. Nxf4 Kc7 84. Bc5 Kb7 85. Nd5 Kb8 86. Kc6 Ka8 87. Nc7+ Kb8 {[%cal Gc7d5,
Gd5e7,Ge7f5,Gf5g7] Ab hier ist der Gewinn Standard: Matt in 19 Zügen mit der
sogenannten WM-Methode.} 88. Bd4 Kc8 89. Ba7 Kd8 90. Nd5 {WM1} Ke8 91. Kd6 Kf7
92. Ne7 {WM2} Kf6 93. Be3 Kf7 94. Bd4 Ke8 95. Ke6 Kd8 96. Bb6+ Ke8 97. Nf5 {WM3
} Kf8 98. Bc7 Ke8 99. Ng7+ {WM4} Kf8 100. Kf6 Kg8 101. Bd6 Kh7 102. Nf5 Kg8
103. Kg6 Kh8 104. Bc5 {Sollte auch bei sehr knapper Zeit nicht zu verfehlen
sein.} 1-0

[Event "Pinamar Masters 1st"]
[Site "Pinamar"]
[Date "2001.03.13"]
[Round "6"]
[White "Hobaica, Juan Pablo"]
[Black "Larsen, Bent"]
[Result "0-1"]
[WhiteElo "2306"]
[BlackElo "2500"]
[Annotator "Hecht,H"]
[PlyCount "164"]
[EventDate "2001.03.08"]
[EventType "tourn"]
[EventRounds "11"]
[EventCountry "ARG"]
[EventCategory "8"]
[SourceTitle "CBM 082"]
[Source "ChessBase"]
[SourceDate "2001.05.17"]
[SourceVersion "1"]
[SourceVersionDate "2001.05.17"]
[SourceQuality "1"]

1. d4 Nf6 2. Bg5 e6 3. e4 h6 4. Bxf6 Qxf6 5. Nc3 Bb4 6. Qd2 d6 7. a3 Bxc3 8.
bxc3 e5 9. Bd3 Nc6 10. Ne2 Bd7 11. Qe3 Qg5 12. f4 exf4 13. Nxf4 Qa5 14. O-O
O-O-O 15. Nd5 f5 16. Nb4 Rde8 17. Nxc6 Bxc6 18. Qh3 Qxc3 19. Qxf5+ Kb8 20. d5
Ba4 21. Qf7 Qe5 22. Rab1 Re7 23. Qf2 c5 24. dxc6 Bxc6 25. Rb4 Rhe8 26. Rfb1 Qc5
27. Bb5 Qxf2+ 28. Kxf2 Bxb5 29. Rxb5 Rc8 30. R1b2 Rc4 31. Kf3 b6 32. Rd5 Kc7
33. Ra2 Rcxe4 34. a4 Kc6 35. Rd3 Rc4 36. Re3 Rxe3+ 37. Kxe3 {[#] Ein schwarzer
Mehrbauer bei weißen Bauernschwächen und deshalb passiven weißen Figuren. Ab
Zug 60 Turm+a+b vs Turm (siehe Abtlg. Abteilung "T+Bauer(n) gegen Turm")} a5
38. Kd3 d5 39. c3 h5 40. h3 g5 41. g3 (41. Ra1 h4 42. Ra2 Kc5 43. Ra1 g4 44.
Ra2 (44. hxg4 Rxg4 45. Ra2 Rg3+ $19) 44... g3 45. Ra1 Rf4 46. Ra2 Rf2 47. Rxf2
gxf2 48. Ke2 b5 49. axb5 a4 $19) 41... h4 42. g4 Rf4 43. Re2 Kc5 44. Re8 {
Die Turmaktivierung ist lobenswert, kann aber nicht mehr retten.} Rf3+ 45. Kc2
Rxh3 46. Rc8+ Kd6 47. Rg8 Rg3 48. Rxg5 h3 49. Rg6+ Kc5 50. g5 Rg4 {[%cal Rg4h4]
} 51. Rh6 (51. Kb3 Rh4 $19 {[%cal Rh3h2]}) 51... Rxa4 52. Rxh3 Rg4 53. Rh8 (53.
Rh5 Kc4 $19 {[%cal Rg4g2]}) 53... Rxg5 $19 {Der Rest ist Sache der Technik -
für Larsen kein Problem.} 54. Kb3 Rg6 55. Ra8 Rc6 56. Rd8 b5 57. Rb8 a4+ 58.
Kb2 Kc4 59. Rg8 d4 60. cxd4 (60. Rg4 a3+ 61. Kc2 Rd6 62. Rh4 b4 ({oder} 62...
a2 63. Kb2 a1=Q+ 64. Kxa1 Kxc3 $19) 63. cxb4 a2 64. Kb2 (64. Rh1 Rh6 65. Ra1
Rh2+ $19) 64... Rb6 65. Kxa2 Rxb4 66. Ka3 Rb5 $19) 60... Kxd4 61. Ka3 Rc3+ 62.
Kb2 Rb3+ 63. Ka2 Kc5 64. Rg5+ Kb4 65. Rg4+ Ka5 66. Rg5 Rf3 67. Rh5 a3 68. Rh8
Ka4 69. Ra8+ Kb4 70. Rh8 Rf2+ 71. Ka1 Ka4 72. Rh7 b4 73. Rh4 Rd2 74. Rg4 Kb3
75. Rg3+ Kc4 76. Rg8 b3 77. Rc8+ Kd3 78. Rd8+ Ke3 79. Re8+ Kf4 80. Re1 Kf3 81.
Kb1 Re2 82. Rh1 Kg2 (82... Kg2 83. Rd1 Kf2 84. Rh1 Re1+ $19) 0-1

[Event "Skopje op 18th"]
[Site "Skopje"]
[Date "2002.01.21"]
[Round "7"]
[White "Ilic, Zoran"]
[Black "Jacimovic, Dragoljub"]
[Result "0-1"]
[WhiteElo "2364"]
[BlackElo "2472"]
[Annotator "Hecht,H"]
[PlyCount "70"]
[EventDate "2002.01.15"]
[EventType "swiss"]
[EventRounds "9"]
[EventCountry "MKD"]
[SourceTitle "CBM 088"]
[Source "ChessBase"]
[SourceDate "2002.03.21"]
[SourceVersion "1"]
[SourceVersionDate "2002.03.21"]
[SourceQuality "1"]

1. d4 Nf6 2. Bg5 c5 3. dxc5 e6 4. Nf3 Bxc5 5. e3 O-O 6. Nbd2 Nc6 7. Bd3 Be7 8.
O-O b6 9. e4 d6 10. c3 Bb7 11. Qe2 Re8 12. Rfe1 h6 13. Bh4 Qc7 14. Nb3 Ne5 15.
Nxe5 dxe5 16. Bxf6 Bxf6 17. Ba6 Red8 18. Red1 Bxa6 19. Qxa6 Qc6 20. f3 Bg5 21.
a4 f5 22. Qb5 Qc7 23. Qe2 Rxd1+ 24. Rxd1 Rd8 25. Rxd8+ Qxd8 {[#] Ideeller
weißer Mehrbauer, aber schlechter Sb3. Weiß lockert freiwillig seine Stellung
und bekommt Probleme.} 26. g3 (26. Kf2 $142) 26... Qd7 27. h4 $6 (27. a5 Qa4
28. axb6 Qxb3 29. bxa7 Qb7 30. Qf2 fxe4 31. fxe4 Qxe4 32. h4 Be3 (32... Bd8 33.
b4 Qb7 34. Kh2 Kh7 35. c4 Bb6 36. a8=Q $11) 33. a8=Q+ Qxa8 34. Qxe3 Qa1+ $11)
27... Bf6 28. Qc4 (28. a5 $142) 28... Kh7 29. Kg2 f4 30. a5 $2 (30. gxf4 $1
exf4 31. e5 Bxh4 32. Qxf4 $11) 30... fxg3 (30... Qd1 $1 31. axb6 (31. gxf4 Qc2+
32. Kh1 (32. Kh3 Qf2 33. Qxe6 Qxf3+ 34. Kh2 Qxf4+ 35. Kg1 Qxe4 $19) 32... Qb1+
33. Kg2 Qxb2+ 34. Kh1 Qf2 35. Qxe6 Qxf3+ 36. Kg1 Qg3+ $19) 31... Qc2+ 32. Kf1
fxg3 $19) 31. axb6 axb6 32. Kxg3 $2 (32. Qe2 $142 Bxh4 33. Nd2) 32... Qd1 $1
33. Kg2 Bxh4 34. Qxe6 Qe2+ 35. Kh3 Qxf3+ {nebst matt in 1 oder 3 Zügen} 0-1